Normal view
MARC view
- Dorries, Elisabeth H.
Entry Personal Name
001 - CONTROL NUMBER
- control field: 81424
003 - CONTROL NUMBER IDENTIFIER
- control field: NUST
005 - DATE AND TIME OF LATEST TRANSACTION
- control field: 20210811120504.0
008 - FIXED-LENGTH DATA ELEMENTS
- fixed length control field: 210811|| aca||aabn | a|a d
040 ## - CATALOGING SOURCE
- Original cataloging agency: NUST
- Transcribing agency: NUST
100 ## - HEADING--PERSONAL NAME
- Personal name: Dorries, Elisabeth H.
- Title of a work: Shop manual for Automotive engine repair and rebuilding
670 ## - SOURCE DATA FOUND
- Source citation: Work cat.: (NUST)33999: Hadfield, Christopher. 81422, Shop manual for Automotive Engine Repair and Rebuilding /, c2010.
